Teams, die Brasilien in Fußball-WMs besiegt haben - Statistiken

Allgemein
  • Dieses Quiz wurde 99 mal gespielt
  • Das Durchschnittsergebnis liegt bei 16 aus 21
Antwortstatistiken
Jahr Phase Endstand Land % Korrekt
WM 2014 Halbfinale 7-1 Deutschland
100%
WM 2006 Viertelfinale 1-0 Frankreich
98%
WM 1998 Finale 3-0 Frankreich
98%
WM 1986 Viertelfinale 1-1 (E) Frankreich
98%
WM 1934 Achtelfinale 3-1 Spanien
92%
WM 2014 Platz 3 3-0 Niederlande
90%
WM 2010 Viertelfinale 2-1 Niederlande
90%
WM 1974 Halbfinale 2-0 Niederlande
90%
WM 1990 Achtelfinale 1-0 Argentinien
89%
WM 1982 2. Runde 3-2 Italien
88%
WM 1938 Halbfinale 2-1 Italien
88%
WM 1950 Finalrunde 2-1 Uruguay
83%
WM 2018 Viertelfinale 2-1 Belgien
81%
WM 2022 Viertelfinale 1-1 (E) Kroatien
75%
WM 1966 Gruppe 3-1 Portugal
75%
WM 1974 Platz 3 1-0 Polen
60%
WM 1966 Gruppe 3-1 Ungarn
58%
WM 1954 Viertelfinale 4-2 Ungarn
58%
WM 1930 Gruppe 2-1 Jugoslawien
39%
WM 2022 Gruppe 1-0 Kamerun
20%
WM 1998 Gruppe 2-1 Norwegen
19%
Keine übereinstimmenden Quizze gefunden
Verteilung der Resultate
Anzahl Personen mit jedem Resultat
Perzentil nach korrekt beantworteten Fragen
Ihre Resultats-Entwicklung
Sie haben dieses Quiz noch nicht gespielt